[Event "Malaga op-13"]
[Site "Malaga"]
[Date "2010.02.22"]
[Round "4.12"]
[White "Rodriguez Lopez, Rafael"]
[Black "James, David"]
[Result "1-0"]
[WhiteElo "2314"]
[BlackElo "2110"]
[PlyCount "59"]
[EventDate "2010.02.20"]

1. e4 c5 2. Nf3 d6 3. d4 cxd4 4. Nxd4 Nf6 5. Nc3 a6 6. Be2 e5 7. Nb3 Be7 8. a4
O-O 9. O-O b6 10. Bc4 Be6 11. Qe2 Qc7 12. Nd2 Rc8 13. b3 Nc6 14. Bb2 Nd4 15.
Qd3 Bxc4 16. Nxc4 b5 17. axb5 axb5 18. Rxa8 Rxa8 19. Ne3 Qc5 20. Ncd5 Nxd5 21.
Nxd5 Bd8 22. Bxd4 exd4 23. g3 Rc8 24. Ra1 Kf8 25. Ra2 g6 26. h4 h5 27. Kg2 Kg7
28. Ra6 Qxc2 29. Qxd4+ Kg8 30. Rxd6 1-0

[Event "Malaga op-13"]
[Site "Malaga"]
[Date "2010.02.22"]
[Round "4.14"]
[White "Cisnero Alvarez, Juan Jose"]
[Black "Camacho Collados, Marcos"]
[Result "0-1"]
[WhiteElo "2110"]
[BlackElo "2284"]
[PlyCount "79"]
[EventDate "2010.02.20"]

1. c4 Nf6 2. Nf3 g6 3. g3 Bg7 4. Bg2 O-O 5. O-O c6 6. d4 d6 7. Nc3 Qb6 8. b3 e5
9. e3 e4 10. Nd2 d5 11. Ba3 Re8 12. b4 Bf5 13. Qa4 Nbd7 14. Rab1 Qc7 15. Rfc1
dxc4 16. Nxc4 b5 17. Qa5 Qb8 18. Nd2 Nb6 19. Bb2 a6 20. Qa3 Qd6 21. Qb3 h5 22.
a4 Bf8 23. a5 Nbd7 24. Qc2 Qe6 25. Ba3 h4 26. Ne2 Rac8 27. Nb3 hxg3 28. hxg3
Bg4 29. Nc5 Nxc5 30. Nf4 Qf5 31. dxc5 g5 32. Ne2 Nd5 33. Nd4 Qg6 34. Rb3 Bg7
35. Bb2 f5 36. Ne2 Re7 37. Rd1 Qh5 38. Rxd5 cxd5 39. Bxg7 Bxe2 40. Qc3 0-1

[Event "Malaga op-13"]
[Site "Malaga"]
[Date "2010.02.22"]
[Round "4.15"]
[White "Medina Menendez, Eduardo Matias"]
[Black "Gavilan Diaz, Mario"]
[Result "0-1"]
[WhiteElo "2109"]
[BlackElo "2278"]
[PlyCount "62"]
[EventDate "2010.02.20"]

1. e4 d6 2. d4 Nf6 3. Nc3 g6 4. f3 Bg7 5. Be3 c6 6. Qd2 b5 7. g4 h5 8. g5 Nfd7
9. a4 b4 10. Na2 a5 11. f4 Nb6 12. b3 O-O 13. O-O-O Qc7 14. Qf2 N8d7 15. Bh3 c5
16. Ne2 cxd4 17. Bxd4 Nc5 18. Bxg7 Kxg7 19. Bxc8 Raxc8 20. Qd4+ e5 21. Qe3
Ncxa4 22. Rd2 Nc5 23. f5 a4 24. f6+ Kh7 25. Kd1 Ra8 26. Ng3 axb3 27. cxb3 Ra3
28. Nc1 Nc4 29. Qf3 Nxd2 30. Kxd2 Rc8 31. Ke2 Nxb3 0-1

[Event "Malaga op-13"]
[Site "Malaga"]
[Date "2010.02.22"]
[Round "4.16"]
[White "Claros Egea, Cristian"]
[Black "Penalonga Sweers, Angel"]
[Result "1-0"]
[WhiteElo "2271"]
[BlackElo "2082"]
[PlyCount "75"]
[EventDate "2010.02.20"]

1. e4 c5 2. Nf3 Nc6 3. d4 cxd4 4. Nxd4 e5 5. Nb5 d6 6. N1c3 a6 7. Na3 b5 8. Nd5
Nf6 9. Bg5 Be7 10. Bxf6 Bxf6 11. c3 Ne7 12. Nxe7 Bxe7 13. Be2 O-O 14. Nc2 Bb7
15. Bf3 Bg5 16. Qd3 f5 17. Nb4 Rc8 18. O-O Rc4 19. Nd5 Qa8 20. Nb6 Bxe4 21.
Qxc4+ bxc4 22. Nxa8 Bxf3 23. gxf3 Rxa8 24. Rfd1 Be7 25. Rd5 Rb8 26. Rb1 Rb5 27.
Rxb5 axb5 28. Rd1 Kf7 29. Rd5 Ke6 30. Rxb5 d5 31. a4 d4 32. a5 d3 33. Kf1 e4
34. a6 exf3 35. Ke1 Bh4 36. a7 Bxf2+ 37. Kxf2 d2 38. Rd5 1-0

[Event "Malaga op-13"]
[Site "Malaga"]
[Date "2010.02.22"]
[Round "4.17"]
[White "Ladron De Guevara Pinto, Paolo"]
[Black "Picazo Lopez, Juan Antonio"]
[Result "1/2-1/2"]
[WhiteElo "2079"]
[BlackElo "2269"]
[PlyCount "120"]
[EventDate "2010.02.20"]

1. e4 d5 2. exd5 Nf6 3. d4 Nxd5 4. c4 Nb6 5. Nc3 e5 6. Nf3 exd4 7. Qxd4 Qxd4 8.
Nxd4 Bd7 9. Bf4 Bb4 10. Bd2 Nc6 11. Nc2 O-O-O 12. O-O-O Be6 13. Nxb4 Nxb4 14.
b3 Bf5 15. a3 Nc6 16. Be3 Rxd1+ 17. Nxd1 Nd7 18. Be2 Re8 19. Re1 Nde5 20. Kb2
f6 21. Kc3 Rd8 22. Nb2 h5 23. h3 h4 24. f4 Nf7 25. Bd3 Nd6 26. Bf2 Bxd3 27.
Nxd3 Nf5 28. b4 b6 29. Re2 Nce7 30. Bxh4 Ng6 31. Bf2 Rxd3+ 32. Kxd3 Nxf4+ 33.
Ke4 Ng3+ 34. Kxf4 Nxe2+ 35. Kf5 Kd7 36. Kg6 Nf4+ 37. Kxg7 Ke6 38. h4 Kf5 39. g3
Nh5+ 40. Kh6 Kg4 41. Kg6 f5 42. b5 f4 43. gxf4 Nxf4+ 44. Kf6 Nd3 45. Bd4 Ne1
46. Ke5 Nc2 47. Bb2 Kxh4 48. Kd5 Ne3+ 49. Kc6 Nxc4 50. Bc1 Kg4 51. Kxc7 Kf5 52.
Kb8 Nd6 53. a4 Ke4 54. Kxa7 Nc4 55. Kb7 Kd3 56. Kc6 Kc3 57. Be3 Nxe3 58. Kxb6
Kb4 59. Ka6 Nd5 60. Kb7 Kxa4 1/2-1/2

[Event "Malaga op-13"]
[Site "Malaga"]
[Date "2010.02.22"]
[Round "4.18"]
[White "Perera Borrego, Mariela"]
[Black "Serna Lara, Sergio"]
[Result "0-1"]
[WhiteElo "2065"]
[BlackElo "2263"]
[PlyCount "152"]
[EventDate "2010.02.20"]

1. d4 d5 2. Nf3 Nf6 3. c4 c6 4. Qb3 dxc4 5. Qxc4 Bg4 6. Ne5 Be6 7. Qd3 Nbd7 8.
Nc3 g6 9. g3 Bg7 10. Bg2 O-O 11. Bf4 Nh5 12. O-O Nxf4 13. gxf4 Nb6 14. Rfd1 Qc7
15. Rac1 f6 16. Nf3 Qxf4 17. Qe4 Qxe4 18. Nxe4 Bxa2 19. Nc5 Bc4 20. Kf1 Rab8
21. Bh3 Rfd8 22. Rxc4 Nxc4 23. Be6+ Kh8 24. Bxc4 e5 25. e3 Bf8 26. Ne6 Rd7 27.
Ra1 exd4 28. Nfxd4 a6 29. Nxf8 Rxf8 30. Ne6 Re8 31. Ke2 Rde7 32. Nc5 f5 33. Bd3
Kg7 34. Ra3 a5 35. Rb3 b5 36. Rc3 Rd8 37. Nb3 a4 38. Na5 b4 39. Rc1 Red7 40.
Rd1 c5 41. Nc6 Ra8 42. Ne5 Rc7 43. Nc4 a3 44. bxa3 bxa3 45. Ra1 a2 46. Kd2 Rb7
47. Kc3 Rb4 48. Bc2 Kf6 49. Bb3 Kg5 50. Rxa2 Rxa2 51. Bxa2 Kg4 52. Ne5+ Kh3 53.
Bg8 Rb7 54. Kc4 Rc7 55. f3 Kxh2 56. e4 fxe4 57. fxe4 Rg7 58. Bf7 g5 59. Bh5 Kg3
60. Kxc5 Kh4 61. Be2 h5 62. Nf3+ Kg3 63. Nd4 Rh7 64. e5 h4 65. e6 h3 66. Bf3 g4
67. Be4 Rh8 68. e7 Kf2 69. Ne6 g3 70. Nf8 g2 71. e8=Q g1=Q 72. Qf7+ Ke1+ 73.
Kc4 Rh4 74. Qe6 Qe3 75. Kb5 Qxe4 76. Qa2 Qf5+ 0-1

[Event "Malaga op-13"]
[Site "Malaga"]
[Date "2010.02.22"]
[Round "4.19"]
[White "Jimenez Martinez, Jose Vicente"]
[Black "Ortega Valle, Jose Ramon"]
[Result "0-1"]
[WhiteElo "2241"]
[BlackElo "2054"]
[PlyCount "98"]
[EventDate "2010.02.20"]

1. d4 Nf6 2. c4 g6 3. Nc3 Bg7 4. e4 d6 5. f3 O-O 6. Be3 Nfd7 7. Qd2 c5 8. Nge2
Nc6 9. d5 Nce5 10. Nc1 a6 11. a4 Qa5 12. f4 Ng4 13. Bg1 Rb8 14. h3 Nh6 15. g4
f5 16. g5 Nf7 17. exf5 gxf5 18. Bd3 Nb6 19. Ra3 e6 20. N1e2 e5 21. Be3 exf4 22.
Bxf4 Ne5 23. Bxe5 dxe5 24. Ng3 Bd7 25. Nh5 Qb4 26. Rg1 Kh8 27. Qe2 e4 28. Nxg7
exd3 29. Qh5 Rg8 30. Ne6 Bxe6 31. g6 Rg7 32. dxe6 Qxb2 33. Qxf5 Qxa3 34. Qe5
Qc1+ 35. Nd1 Re8 36. gxh7 Rxe6 37. Qxe6 Rxg1+ 38. Kf2 Qxd1 39. Qf6+ Kxh7 40.
Qf5+ Kg7 41. Qe5+ Kf7 42. Qf5+ Ke7 43. Qxc5+ Kd7 44. Qf5+ Kc6 45. Qe6+ Kc5 46.
Qe7+ Kxc4 47. Qc7+ Kb3 48. Qxb6+ Ka2 49. Qe6+ Qb3 0-1

[Event "Malaga op-13"]
[Site "Malaga"]
[Date "2010.02.22"]
[Round "4.20"]
[White "Aranaz Murillo, Amalia"]
[Black "Nava Baro, Enrique"]
[Result "1/2-1/2"]
[WhiteElo "2057"]
[BlackElo "2208"]
[PlyCount "144"]
[EventDate "2010.02.20"]

1. Nf3 d5 2. d4 e6 3. c4 c6 4. Qc2 Nf6 5. g3 Nbd7 6. Bg2 Be7 7. O-O O-O 8. Nbd2
b6 9. e4 Bb7 10. e5 Ne8 11. cxd5 cxd5 12. Re1 Rc8 13. Qa4 Bc6 14. Qb3 Nb8 15.
Nf1 Qd7 16. Qd1 Ba4 17. b3 Bb5 18. Ne3 Nc6 19. a3 Na5 20. Bb2 Ba6 21. h4 Nc7
22. Ng4 Nb5 23. Re3 Rfd8 24. Ng5 h6 25. Nf3 Qc6 26. Ne1 Qe8 27. Nh2 Qf8 28. a4
Nc7 29. Bf3 Ne8 30. Bh5 g6 31. Bg4 h5 32. Bh3 Ng7 33. Nhf3 Rc7 34. Ng2 Rdc8 35.
Nfe1 Nc6 36. Rc1 Nb4 37. Rxc7 Rxc7 38. g4 Qc8 39. gxh5 Nxh5 40. Bg4 Ng7 41. h5
Nc2 42. Rh3 Nxe1 43. Nxe1 Bg5 44. Qb1 Bc1 45. hxg6 Bxb2 46. gxf7+ Rxf7 47. Qxb2
Nf5 48. Bxf5 Rxf5 49. Qd2 Qf8 50. Qe3 Qe7 51. Qh6 Rg5+ 52. Qxg5+ Qxg5+ 53. Rg3
Qxg3+ 54. fxg3 Be2 55. Nc2 Kg7 56. Ne3 a5 57. Kf2 Bd3 58. Ke1 Kg6 59. Kd2 Be4
60. Kc3 Kg5 61. b4 Bg6 62. b5 Be4 63. Kd2 Bf3 64. Ke1 Be4 65. Kf2 Bb1 66. Kf3
Ba2 67. Nd1 Bb3 68. Nc3 Bc2 69. g4 Bb3 70. Kg3 Bc2 71. Kf3 Bb3 72. Kg3 Bc2
1/2-1/2

[Event "Malaga op-13"]
[Site "Malaga"]
[Date "2010.02.22"]
[Round "4.21"]
[White "Lara Granero, Bio"]
[Black "Charleshouse, Glenn L"]
[Result "1-0"]
[WhiteElo "2026"]
[BlackElo "2203"]
[PlyCount "103"]
[EventDate "2010.02.20"]

1. e4 c5 2. f4 e6 3. Nf3 Nc6 4. g3 g6 5. d3 Bg7 6. c3 Nge7 7. Be3 b6 8. Bg2 O-O
9. Nbd2 d5 10. e5 Ba6 11. d4 Nf5 12. Bf2 cxd4 13. Nxd4 Nfxd4 14. Bxd4 Nxd4 15.
cxd4 Qd7 16. Bf1 Bxf1 17. Rxf1 Rfc8 18. Rf3 Bf8 19. Qb3 b5 20. Rc3 b4 21. Rxc8
Rxc8 22. Qd3 a5 23. Kd1 a4 24. Rc1 Rc6 25. Rxc6 Qxc6 26. g4 Bh6 27. g5 Bf8 28.
h4 h5 29. Nf3 Be7 30. Ne1 Kf8 31. Qc2 Qd7 32. Nd3 Qb5 33. Qc8+ Kg7 34. Kd2 b3
35. axb3 Qxb3 36. Qc3 Qb5 37. Qc7 Bb4+ 38. Kc2 Bf8 39. Qc3 Kg8 40. Kd2 Qb6 41.
Nc5 Qb5 42. Nd3 Qb6 43. Nc5 Qb5 44. Nd3 Kg7 45. Kc2 Be7 46. Kd2 Bf8 47. Kc2 Be7
48. Kd2 Bd8 49. Qc5 Qb3 50. Qb4 Qa2 51. Kc2 Qa1 52. Nc1 1-0

[Event "Malaga op-13"]
[Site "Malaga"]
[Date "2010.02.22"]
[Round "4.22"]
[White "Lopez Gonzalez, Daniel"]
[Black "Ladron De Guevara Pinto, Miguel"]
[Result "1-0"]
[WhiteElo "2202"]
[BlackElo "2020"]
[PlyCount "87"]
[EventDate "2010.02.20"]

1. e4 e6 2. d4 d5 3. Nc3 Nf6 4. Bg5 Bb4 5. e5 h6 6. Be3 Ne4 7. Qg4 g6 8. a3
Bxc3+ 9. bxc3 c5 10. Bd3 Qa5 11. Ne2 Nc6 12. Bxe4 cxd4 13. Bd2 dxe4 14. cxd4
Qd5 15. c3 Na5 16. Ng3 e3 17. fxe3 Qxg2 18. Qe4 Qxe4 19. Nxe4 Nc4 20. Rf1 b6
21. a4 Bb7 22. Nf6+ Ke7 23. Bc1 Rac8 24. e4 a6 25. Ra2 Bc6 26. d5 exd5 27. exd5
Be8 28. Bxh6 Rxh6 29. Ng8+ Kf8 30. Nxh6 Nxe5 31. Re2 Nc4 32. Rf4 Nd6 33. Rf6
Kg7 34. Rxd6 Kxh6 35. Rxb6 Bxa4 36. Kd2 Bb5 37. Re7 Rd8 38. d6 f5 39. Rc7 f4
40. c4 Be8 41. c5 Bb5 42. Rf7 Kg5 43. d7 Bxd7 44. Rd6 1-0

[Event "Malaga op-13"]
[Site "Malaga"]
[Date "2010.02.22"]
[Round "4.23"]
[White "Anaya Lopez, Victor Jose"]
[Black "Garcia Roman, Jose Luis"]
[Result "1-0"]
[WhiteElo "2157"]
[BlackElo "2003"]
[PlyCount "103"]
[EventDate "2010.02.20"]

1. e4 c5 2. Nf3 Nc6 3. d4 cxd4 4. Nxd4 Qb6 5. Nb3 Nf6 6. Nc3 e6 7. Qe2 Bb4 8.
Bd2 d6 9. O-O-O e5 10. Be3 Qd8 11. Nd5 Nxe4 12. Qc4 Nxf2 13. Bxf2 Ba5 14. Bh4
f6 15. Be2 Bf5 16. Ne3 Bg6 17. Qe6+ Qe7 18. Qxd6 Qxd6 19. Rxd6 Bb4 20. Rdd1 O-O
21. a3 Be7 22. Rd7 Rfc8 23. Rf1 Rab8 24. Nf5 Bf8 25. g4 Be8 26. Rdd1 a5 27. Nd6
Bxd6 28. Rxd6 a4 29. Bc4+ Kh8 30. Nd2 Nd4 31. c3 b5 32. Bd3 b4 33. axb4 a3 34.
Kb1 Nb5 35. Bxb5 Bxb5 36. Rf2 h6 37. c4 a2+ 38. Kxa2 Bxc4+ 39. Nxc4 Rxc4 40. h3
Rcxb4 41. Rfd2 Kh7 42. Bf2 Ra8+ 43. Kb1 Rba4 44. Bc5 Ra1+ 45. Kc2 Rh1 46. R6d3
Raa1 47. Bf8 Rac1+ 48. Kb3 Rce1 49. Rd7 Rxh3+ 50. Ka2 h5 51. Rxg7+ Kh6 52. g5+
1-0

[Event "Malaga op-13"]
[Site "Malaga"]
[Date "2010.02.22"]
[Round "4.24"]
[White "Borrego Gil, Diego"]
[Black "Garcia Rodriguez, Victor"]
[Result "0-1"]
[WhiteElo "1966"]
[BlackElo "2137"]
[PlyCount "62"]
[EventDate "2010.02.20"]

1. d4 d5 2. c4 e6 3. Nc3 Nf6 4. Bg5 Be7 5. e3 c6 6. Nf3 Nbd7 7. Bd3 dxc4 8.
Bxc4 b5 9. Bd3 O-O 10. a3 Bb7 11. O-O a6 12. Rc1 c5 13. dxc5 Bxf3 14. Qxf3 Ne5
15. Qg3 Nxd3 16. Rcd1 Qd7 17. c6 Qxc6 18. Rxd3 Rfd8 19. Rdd1 Kf8 20. Qh4 Kg8
21. Qg3 a5 22. Bh6 Ne8 23. Ne2 Rxd1 24. Rxd1 Qc2 25. Re1 Qxb2 26. Nd4 Bf6 27.
Qg4 Bxd4 28. exd4 Qxa3 29. h4 Qb3 30. h5 Kh8 31. Qf3 Qxf3 0-1

[Event "Malaga op-13"]
[Site "Malaga"]
[Date "2010.02.22"]
[Round "4.25"]
[White "Fernandez Garcia, Jose Miguel"]
[Black "Nieto Asencio, Maria Del Carmen"]
[Result "1-0"]
[WhiteElo "2225"]
[BlackElo "1900"]
[PlyCount "79"]
[EventDate "2010.02.20"]

1. e4 c5 2. Nf3 g6 3. d4 cxd4 4. Nxd4 Nc6 5. Nc3 Bg7 6. Be3 Nf6 7. Bc4 Qb6 8.
O-O O-O 9. Nb3 Qc7 10. Re1 d6 11. Bf1 Be6 12. Nd5 Bxd5 13. exd5 Ne5 14. Bd4
Rfc8 15. f4 Nc4 16. a4 Nb6 17. c4 Qd7 18. Nd2 Re8 19. a5 Nc8 20. Qf3 Qg4 21.
Qf2 Nh5 22. Be3 Qd7 23. Rab1 Nf6 24. h3 e6 25. dxe6 fxe6 26. g4 e5 27. Bg2 exf4
28. Bxf4 Rxe1+ 29. Rxe1 Ne7 30. a6 d5 31. Qc5 Ne4 32. Nxe4 dxe4 33. Rxe4 Nc6
34. axb7 Rd8 35. Qd5+ Qxd5 36. Re8+ Rxe8 37. Bxd5+ Kh8 38. Bxc6 Bd4+ 39. Kg2
Re2+ 40. Kf3 1-0

[Event "Malaga op-13"]
[Site "Malaga"]
[Date "2010.02.22"]
[Round "4.26"]
[White "Cuenca Jimenez, Francisco Javie"]
[Black "Jimenez Ruiz, Jose Carlos"]
[Result "1/2-1/2"]
[WhiteElo "2205"]
[BlackElo "1979"]
[PlyCount "118"]
[EventDate "2010.02.20"]

1. c4 d6 2. g3 g6 3. Bg2 Bg7 4. Nc3 e5 5. e4 Nc6 6. Nge2 Nge7 7. O-O O-O 8. d3
Be6 9. Be3 Nd4 10. Qd2 f5 11. f4 c6 12. Rae1 Qc7 13. b3 Rae8 14. Kh1 Kh8 15.
Bg1 Qa5 16. Rd1 Nxe2 17. Nxe2 Qxd2 18. Rxd2 a6 19. d4 fxe4 20. dxe5 dxe5 21.
Bxe4 Bg4 22. Bc5 Rf7 23. Kg2 Nf5 24. fxe5 Bxe5 25. Bf3 Bxf3+ 26. Rxf3 Kg7 27.
Rfd3 Bc7 28. Bf2 h5 29. Nd4 Nd6 30. Nf3 Ne4 31. Bd4+ Kg8 32. Re2 Rfe7 33. Rde3
Bd6 34. Ne5 Bxe5 35. Rxe4 Bd6 36. Rxe7 Rxe7 37. Rxe7 Bxe7 38. Kf3 Kf7 39. Ke4
Ke6 40. h3 Bd6 41. g4 hxg4 42. hxg4 Bg3 43. Bb6 Be5 44. Bd8 Bb2 45. Bc7 Bc3 46.
a3 b5 47. a4 bxa4 48. bxa4 Bb2 49. Bb6 Bc3 50. Be3 Bb2 51. Bf2 Be5 52. Bd4 Bg3
53. Be3 Be5 54. Bd4 Bg3 55. Bg7 Bd6 56. Kd4 Ba3 57. Kc3 Bd6 58. Kd4 Ba3 59. Bh6
Be7 1/2-1/2

[Event "Malaga op-13"]
[Site "Malaga"]
[Date "2010.02.22"]
[Round "4.27"]
[White "Molina Mataran, Manuel"]
[Black "Gutierrez Castillo, Paloma"]
[Result "0-1"]
[WhiteElo "1962"]
[BlackElo "2161"]
[PlyCount "68"]
[EventDate "2010.02.20"]

1. e4 e5 2. Nf3 Nc6 3. Bc4 Bc5 4. O-O Nf6 5. d3 O-O 6. a3 d6 7. Nc3 Bg4 8. Bg5
Nd4 9. Nd5 Nxf3+ 10. gxf3 Bh3 11. Nxf6+ gxf6 12. Bh6 Re8 13. f4 Kh8 14. Kh1
Bxf1 15. Qxf1 Qd7 16. f5 c6 17. Qh3 d5 18. Qh4 Be7 19. Bb3 Qd6 20. Qh5 Bf8 21.
Be3 Rad8 22. Rg1 Bg7 23. Rg3 Qf8 24. exd5 cxd5 25. c4 dxc4 26. Bxc4 e4 27. Rh3
h6 28. d4 Re7 29. Qh4 b5 30. Bxh6 Bxh6 31. Qxf6+ Kh7 32. Rxh6+ Qxh6 33. Qxe7
Qc1+ 34. Bf1 Qxf1# 0-1

[Event "Malaga op-13"]
[Site "Malaga"]
[Date "2010.02.22"]
[Round "4.28"]
[White "Rodriguez Perez, Angel Mariano"]
[Black "Bolle, Leendert J.M"]
[Result "1-0"]
[WhiteElo "2089"]
[BlackElo "1948"]
[PlyCount "117"]
[EventDate "2010.02.20"]

1. e4 c5 2. Nf3 d6 3. d4 cxd4 4. Nxd4 Nf6 5. Nc3 a6 6. Be3 e5 7. Nb3 Be6 8. Be2
Be7 9. Qd2 d5 10. exd5 Nxd5 11. O-O-O Nxe3 12. Qxe3 Qc7 13. Nd5 Bxd5 14. Rxd5
Nc6 15. c3 O-O 16. Rhd1 Rad8 17. Kb1 Rxd5 18. Rxd5 Rd8 19. Qd2 Rxd5 20. Qxd5
Qd6 21. Bf3 Qxd5 22. Bxd5 Nd8 23. Na5 b5 24. Kc2 Bc5 25. f3 Bb6 26. b4 Bxa5 27.
bxa5 Kf8 28. c4 bxc4 29. Kc3 Ke7 30. Bxc4 Nc6 31. Bxa6 Kd6 32. Bb7 Nxa5 33. Be4
Kc5 34. Bxh7 Nc6 35. Be4 Nd4 36. g4 g5 37. Kd3 f6 38. Ke3 Nb5 39. Bc2 Nd6 40.
Bb3 Kb4 41. Bd5 Kc5 42. Be6 Kb4 43. Bb3 Ka3 44. Bd5 Kb4 45. Kf2 Kc5 46. Ba8 Kb4
47. Kg3 Kc5 48. h4 gxh4+ 49. Kxh4 Nc8 50. Kh5 Kd6 51. Kg6 Ke6 52. Be4 Ke7 53.
a4 Nd6 54. a5 Nc8 55. a6 Na7 56. Kf5 Nb5 57. g5 fxg5 58. Kxe5 Na7 59. Kf5 1-0

[Event "Malaga op-13"]
[Site "Malaga"]
[Date "2010.02.22"]
[Round "4.29"]
[White "Ladron De Guevara Pinto, Fermin"]
[Black "Moreno Cervera, Jose Luis"]
[Result "1-0"]
[WhiteElo "2044"]
[BlackElo "1929"]
[PlyCount "65"]
[EventDate "2010.02.20"]

1. d4 d5 2. Nf3 Nf6 3. e3 a6 4. Bd3 Bg4 5. O-O Nc6 6. h3 Bxf3 7. Qxf3 e5 8.
dxe5 Nxe5 9. Qe2 Nxd3 10. Qxd3 Bd6 11. Nc3 O-O 12. Rd1 Qe7 13. Nxd5 Nxd5 14.
Qxd5 Rad8 15. Qf3 Qe5 16. g3 h5 17. Rd5 Qe6 18. Rxh5 f5 19. Rh4 g5 20. Rh5 Be7
21. b3 g4 22. Qe2 gxh3 23. Bb2 Bf6 24. Rh6 Rd7 25. Bxf6 Rxf6 26. Rxh3 Rh6 27.
Rxh6 Qxh6 28. Qc4+ Kh8 29. Kg2 b5 30. Qc3+ Kg8 31. Rh1 Qg7 32. Qc6 Rd6 33. Qe8+
1-0

[Event "Malaga op-13"]
[Site "Malaga"]
[Date "2010.02.22"]
[Round "4.30"]
[White "Candamil Neira, Gabriel Alfonso"]
[Black "Fomani, Mehdi"]
[Result "0-1"]
[WhiteElo "1955"]
[BlackElo "2029"]
[PlyCount "52"]
[EventDate "2010.02.20"]

1. e4 c6 2. d4 d5 3. e5 c5 4. c3 Nc6 5. f4 Bf5 6. Bd3 Bxd3 7. Qxd3 e6 8. Nf3
Nh6 9. Be3 Qb6 10. b3 Nf5 11. Bf2 h5 12. Nbd2 cxd4 13. Nxd4 Nfxd4 14. cxd4 Nb4
15. Qb1 Qa6 16. Be3 Rc8 17. Kf2 Nc2 18. Rc1 Qd3 19. Nf1 Ba3 20. Rd1 Qe4 21. Kg1
O-O 22. g3 Qf3 23. Bf2 Nxa1 24. Qxa1 Rc2 25. Nd2 Qe2 26. Be1 Rfc8 0-1

[Event "Malaga op-13"]
[Site "Malaga"]
[Date "2010.02.22"]
[Round "4.31"]
[White "Fournier, Manuel"]
[Black "Corrales Ibanez, Pedro Luis"]
[Result "0-1"]
[WhiteElo "1935"]
[BlackElo "2016"]
[PlyCount "80"]
[EventDate "2010.02.20"]

1. e4 e5 2. Nf3 Nc6 3. Bb5 f5 4. d3 Nf6 5. Nc3 Bb4 6. Bxc6 dxc6 7. Bd2 O-O 8.
O-O Qd6 9. Qe2 f4 10. h3 h6 11. a3 Bc5 12. Na4 Re8 13. Nxc5 Qxc5 14. Bc3 g5 15.
d4 exd4 16. Bxd4 Qe7 17. Ne5 Be6 18. Rad1 Rad8 19. Bc3 c5 20. Kh2 Qh7 21. Rxd8
Rxd8 22. Rd1 Rd6 23. f3 Nh5 24. Rxd6 cxd6 25. Ng4 Bxg4 26. hxg4 Ng3 27. Qc4+
Qf7 28. Qd3 Qe6 29. Qd5 Qxd5 30. exd5 Nf1+ 31. Kg1 Ne3 32. Bf6 Kf7 33. Bd8 Nxc2
34. Bc7 Ke7 35. Bb8 a6 36. Kf2 Ne3 37. g3 Nxd5 38. a4 fxg3+ 39. Kxg3 b5 40.
axb5 axb5 {...} 0-1

[Event "Malaga op-13"]
[Site "Malaga"]
[Date "2010.02.22"]
[Round "4.32"]
[White "Ortega Gonzalez, Jose Luis"]
[Black "Garcia Albarracin, Jose Antonio"]
[Result "0-1"]
[WhiteElo "1905"]
[BlackElo "2006"]
[PlyCount "84"]
[EventDate "2010.02.20"]

1. e4 c5 2. Nf3 e6 3. d4 cxd4 4. Nxd4 Nf6 5. Bd3 a6 6. O-O Qc7 7. c4 d6 8. Nc3
Nc6 9. Nxc6 bxc6 10. f4 Be7 11. Qe2 Nd7 12. f5 Ne5 13. Bc2 O-O 14. b3 Bf6 15.
Bb2 Bb7 16. Na4 c5 17. Qh5 Bc6 18. Nc3 g6 19. Qh3 exf5 20. exf5 Qb7 21. Rad1
Bxg2 22. Qxg2 Qxg2+ 23. Kxg2 Ng4 24. Rfe1 Rfe8 25. Rxe8+ Rxe8 26. Rd2 gxf5 27.
Kf3 Re3+ 28. Kf4 Be5+ 29. Kxf5 Nh6+ 30. Kg5 Kg7 31. Rg2 Rh3 32. Ne4 Bxb2 33.
Kf4+ Kf8 34. Nxd6 Bc1+ 35. Ke4 Rh5 36. Bd1 Rh4+ 37. Kf3 Rd4 38. Nb7 Rxd1 39.
Nxc5 Nf5 40. Ke4 Nd6+ 41. Ke5 Ke7 42. Nxa6 f6# 0-1

[Event "Malaga op-13"]
[Site "Malaga"]
[Date "2010.02.22"]
[Round "4.33"]
[White "Marquez Bernal, Florencio"]
[Black "Ramos Cantos, Juan Jesus"]
[Result "0-1"]
[WhiteElo "2003"]
[BlackElo "1921"]
[PlyCount "98"]
[EventDate "2010.02.20"]

1. Nf3 d5 2. c4 e6 3. g3 Nf6 4. Bg2 Be7 5. O-O O-O 6. d4 dxc4 7. Qc2 Nbd7 8.
Qxc4 Nb6 9. Qc2 Nbd5 10. Nc3 Bd7 11. Rd1 Nxc3 12. Qxc3 Bb5 13. Qc2 Bc6 14. Rb1
Be4 15. Rd3 Bxd3 16. Qxd3 c5 17. e3 cxd4 18. exd4 Nd5 19. a3 Rc8 20. h4 Bf6 21.
Bg5 h6 22. Bxf6 Nxf6 23. Ne5 Qb6 24. b4 Rfd8 25. Rd1 Rc7 26. Qe3 Nd5 27. Qf3
Nc3 28. Rd3 Nd5 29. Bf1 Nf6 30. Qf4 Nd5 31. Qf3 f6 32. Ng4 Rc4 33. Qd1 Nc3 34.
Qb3 Rdxd4 35. Nxf6+ gxf6 36. Rxc3 Rd2 37. Rf3 Rcc2 38. Qa4 Kf7 39. Bd3 Rxd3 40.
Qxc2 Rxf3 41. Qh7+ Ke8 42. Qg8+ Kd7 43. Qf7+ Kd6 44. Qf8+ Ke5 45. Qb8+ Ke4 46.
Kh1 Rxf2 47. h5 Rf1+ 48. Kh2 Qf2+ 49. Kh3 Rh1+ 0-1

[Event "Malaga op-13"]
[Site "Malaga"]
[Date "2010.02.22"]
[Round "4.34"]
[White "Lopez Guerrero, Jose Miguel"]
[Black "Charro Calvo, Jesus"]
[Result "1-0"]
[WhiteElo "2001"]
[BlackElo "1729"]
[PlyCount "113"]
[EventDate "2010.02.20"]

1. c4 e5 2. Nc3 g6 3. d4 Qe7 4. Nd5 Qd8 5. dxe5 c6 6. Nc3 Bg7 7. Qd6 Qe7 8. Bf4
Na6 9. O-O-O Nc5 10. h3 Qxd6 11. Rxd6 Ne7 12. e4 h6 13. b4 Ne6 14. Bh2 g5 15.
Nf3 Ng6 16. Ne2 a5 17. b5 O-O 18. Ned4 Nc5 19. Nd2 Re8 20. Nf5 Bf8 21. f3 Bxd6
22. exd6 Kh7 23. h4 gxh4 24. g3 cxb5 25. cxb5 b6 26. gxh4 Bb7 27. Rg1 Rac8 28.
Kb1 h5 29. Bc4 Ne6 30. a4 Rf8 31. Rg3 Nc5 32. Rg5 Ne6 33. Rxh5+ Kg8 34. Rh6
Ngf4 35. Bg1 Rc5 36. Rf6 Nh5 37. Ne7+ Kh7 38. Bxc5 Nxf6 39. Bxb6 Ne8 40. Nf5
N8g7 41. Bxe6 fxe6 42. Nxg7 Kxg7 43. Bxa5 Kg6 44. Bc3 Kh5 45. Kc2 Kxh4 46. Be5
Rg8 47. a5 Rc8+ 48. Bc3 Kg3 49. a6 Bxa6 50. bxa6 Ra8 51. Kd3 Rxa6 52. Be5+ Kg2
53. f4 Ra3+ 54. Kd4 Kf2 55. f5 exf5 56. exf5 Ke2 57. Nc4 1-0

[Event "Malaga op-13"]
[Site "Malaga"]
[Date "2010.02.22"]
[Round "4.35"]
[White "Walton, Alan J"]
[Black "Martin Carmona, Gaston"]
[Result "1-0"]
[WhiteElo "2137"]
[BlackElo "1887"]
[PlyCount "113"]
[EventDate "2010.02.20"]

1. d4 Nf6 2. Bg5 d6 3. Bxf6 gxf6 4. e3 Bg7 5. Bd3 e5 6. c4 Qe7 7. Ne2 Bg4 8.
Qc2 Nc6 9. d5 Nb8 10. Ng3 Nd7 11. h3 Bxh3 12. Rxh3 h6 13. Nf5 Qf8 14. Nc3 O-O-O
15. Ne4 Nc5 16. O-O-O Kb8 17. b4 Nxe4 18. Bxe4 h5 19. Rdh1 Qg8 20. Rg3 Qf8 21.
Rxg7 Ka8 22. Qa4 Kb8 23. Qc2 Qe8 24. b5 Qf8 25. Qe2 Rh6 26. Nxh6 Qxg7 27. Nf5
Qg8 28. Qxh5 Qg6 29. Qxg6 fxg6 30. Ne7 g5 31. Rh6 Rf8 32. Rg6 b6 33. Rg8 Rxg8
34. Nxg8 Kc8 35. Nxf6 Kd8 36. Nh7 g4 37. Ng5 Ke8 38. Ne6 Kd7 39. g3 Kc8 40. Bf5
Kd7 41. Bxg4 Kc8 42. Bf5 Kd7 43. g4 Ke7 44. Nxc7 Kf6 45. Na6 Kg5 46. Nb4 Kf6
47. Nc6 Kf7 48. Nxa7 Ke7 49. Nc8+ Kf7 50. Nxd6+ Ke7 51. Nc8+ Kd8 52. Nxb6 Kc7
53. c5 Kb7 54. d6 Kb8 55. g5 Kb7 56. g6 Kb8 57. g7 1-0

[Event "Malaga op-13"]
[Site "Malaga"]
[Date "2010.02.22"]
[Round "4.36"]
[White "Sierra Garcia, Manuel"]
[Black "Picasso Gallego, Nicolas"]
[Result "0-1"]
[WhiteElo "1753"]
[BlackElo "1974"]
[PlyCount "70"]
[EventDate "2010.02.20"]

1. e4 d6 2. d4 Nf6 3. Nc3 g6 4. f3 Bg7 5. Be3 c6 6. Qd2 h5 7. Bc4 b5 8. Bb3 a5
9. a4 b4 10. Na2 Na6 11. Rd1 O-O 12. Ne2 Qc7 13. c3 Rb8 14. cxb4 Nxb4 15. O-O
Ba6 16. Nac1 Nd7 17. Ba2 Nxa2 18. Nxa2 c5 19. Rf2 Rb7 20. Nec3 Rfb8 21. Nd5 Qd8
22. Rb1 e6 23. Ndc3 Qc7 24. Nc1 Nb6 25. dxc5 dxc5 26. b3 c4 27. Bxb6 Rxb6 28.
N3e2 cxb3 29. Qxa5 b2 30. Nb3 Qc2 31. Nc3 Qxc3 32. Qxc3 Bxc3 33. Nc5 Rc6 34.
Nxa6 Rxa6 35. Rc2 Bd4+ 0-1